00469nam a2200169Ia 450000500170000000800410001704100080005808200150006610000190008124500370010025000110013726000670014830000090021550000280022465000280025270000190028020251121140929.0230125s9999 xx 000 0 und d aeng a158.1bSHE aShejwalkar P C aYashaswy Jeevanache vyavasthapan a4th ed c1999bC.A Shejwalkar Institute of Business Management anaPune a200p aPersonality Development aPersonality Development aShejwalkar P C